000 00421nam a2200133Ia 4500
008 231129s9999||||xx |||||||||||||| ||spa||
020 _a958-332180-X
040 _bspa
082 _a306 C268s
100 _aCardona Rodriguez Luis Orlando
245 0 _aSueƱos de ciudad
264 _aCooperativa del Municipio de Pereira y del Departamento de Risaralda COOMPER
942 _2ddc
_cBKS
999 _c24897
_d24897